Governance, peace and security report, 2014 /

Saved in:
Bibliographic Details
Corporate Author: Uganda Bureau of Statistics.
Format: Book
Language:English
Published: Kampala : Uganda Bureau of Statistics, [2014]
Subjects:
Tags: Add Tag
No Tags, Be the first to tag this record!
LEADER 01133cam a2200349Ii 4500
001 014592011-9
005 20160121141216.0
008 150930s2014 ug a s f000 0 eng d
035 0 |a ocn922595354 
040 |a NOC  |b eng  |e rda  |c NOC  |d OCLCF 
043 |a f-ug--- 
050 4 |a HN794.A85  |b G68 2014 
245 0 0 |a Governance, peace and security report, 2014 /  |c Uganda Bureau of Statistics. 
264 1 |a Kampala :  |b Uganda Bureau of Statistics,  |c [2014] 
300 |a ix, 85 pages :  |b color illustrations ;  |c 29 cm 
336 |a text  |b txt  |2 rdacontent 
337 |a unmediated  |b n  |2 rdamedia 
338 |a volume  |b nc  |2 rdacarrier 
500 |a "December 2014." 
651 0 |a Uganda  |x Social conditions  |v Statistics. 
650 0 |a Quality of life  |z Uganda  |v Statistics. 
650 0 |a Quality of life  |z Uganda  |x Public opinion. 
650 7 |a Quality of life.  |2 fast 
650 7 |a Quality of life  |x Public opinion.  |2 fast 
650 7 |a Social conditions.  |2 fast 
651 7 |a Uganda.  |2 fast 
655 7 |a Statistics.  |2 fast 
710 2 |a Uganda Bureau of Statistics. 
899 |a 415_565122 
988 |a 20160121 
049 |a HLSS 
906 |0 OCLC